[Event "22nd European Teams"]
[Site "Batumi GEO"]
[Date "2019.10.31"]
[Round "7.11"]
[Board "4"]
[White "Prohaszka, Peter2"]
[Black "Ivic, Velimir"]
[Result "0-1"]
[WhiteTitle "GM"]
[BlackTitle "IM"]
[WhiteElo "2610"]
[BlackElo "2525"]
[WhiteTeam "Hungary"]
[BlackTeam "Serbia"]
[WhiteFideId "726265"]
[BlackFideId "950122"]
[EventDate "2019.10.24"]

1. d4 Nf6 2. c4 g6 3. Nc3 d5 4. Nf3 Bg7 5. h4 dxc4 6. e4 c5 7. d5 b5 8. h5 O-O
9. hxg6 fxg6 10. d6 e6 11. Bg5 Qe8 12. a4 b4 13. Nb5 c3 14. Bxf6 Bxf6 15. e5
cxb2 16. exf6 bxa1=Q 17. Qxa1 Qf7 18. Nc7 Bb7 19. Ng5 Qxf6 20. Qxf6 Rxf6 21.
Rxh7 Rf5 22. Nxa8 Bxa8 23. d7 Nc6 24. Bb5 Rd5 25. Rh3 Rxd7 26. Nxe6 Re7 27. Re3
Nd4 28. Nxd4 Rxe3+ 29. fxe3 cxd4 30. g3 dxe3 31. Ke2 Kf7 32. Kxe3 Ke6 33. Kd4 a5
34. Kc5 Ke5 35. Bc4 Be4 36. Bb3 g5 37. Kb5 Bd5 38. Bd1 b3 0-1

[Event "22nd European Teams"]
[Site "Batumi GEO"]
[Date "2019.10.31"]
[Round "7.12"]
[Board "1"]
[White "Tari, Aryan"]
[Black "Jobava, Baadur"]
[Result "1-0"]
[WhiteTitle "GM"]
[BlackTitle "GM"]
[WhiteElo "2630"]
[BlackElo "2617"]
[WhiteTeam "Norway"]
[BlackTeam "Georgia"]
[WhiteFideId "1510045"]
[BlackFideId "13601520"]
[EventDate "2019.10.24"]

1. e4 c6 2. d4 d5 3. exd5 cxd5 4. Bd3 Nc6 5. c3 e6 6. Bf4 Nge7 7. Nd2 f6 8. Qe2
Bd7 9. Nb3 b6 10. h4 a5 11. a3 h5 12. Nh3 Kf7 13. O-O-O Nf5 14. f3 Qc8 15. Kb1
Nce7 16. g4 Ba4 17. Ka2 Nxh4 18. Rdg1 hxg4 19. fxg4 Nhg6 20. Bd6 Qd7 21. Bxe7
Bxe7 22. Qf2 Rh6 1-0

[Event "22nd European Teams"]
[Site "Batumi GEO"]
[Date "2019.10.31"]
[Round "7.12"]
[Board "2"]
[White "Cheparinov, Ivan"]
[Black "Salomon, Johan"]
[Result "1/2-1/2"]
[WhiteTitle "GM"]
[BlackTitle "GM"]
[WhiteElo "2670"]
[BlackElo "2507"]
[WhiteTeam "Georgia"]
[BlackTeam "Norway"]
[WhiteFideId "2905540"]
[BlackFideId "1509500"]
[EventDate "2019.10.24"]

1. d4 Nf6 2. c4 e6 3. Nf3 d5 4. Nc3 Bb4 5. cxd5 exd5 6. Bg5 h6 7. Bh4 O-O 8. e3
Bf5 9. Qb3 Bxc3+ 10. bxc3 Nbd7 11. Be2 c5 12. dxc5 g5 13. Bg3 Nxc5 14. Qb4 Nfe4
15. O-O Qe7 16. Rad1 Rfd8 17. c4 dxc4 18. Bxc4 Be6 19. Bxe6 Qxe6 20. Nd4 Qf6 21.
f3 Nxg3 22. hxg3 b6 23. g4 Rd7 24. Nf5 Rad8 25. Rxd7 Rxd7 26. Qb1 Rd8 27. Rd1
Rxd1+ 28. Qxd1 a5 29. Qd5 Kh7 30. Kh2 Kg6 31. Qa8 Kh7 32. Qd5 Kg6 33. Kh3 Kh7
34. Qa8 h5 35. Qd5 hxg4+ 36. Kxg4 Qe6 37. Qxe6 fxe6 38. Nd6 Kg6 39. Nc4 Nd7 40.
a4 Nf6+ 41. Kg3 Nd7 42. f4 gxf4+ 43. exf4 Nc5 44. Nxb6 e5 45. Kg4 exf4 46. Kxf4
Kh5 47. Kf5 Kh6 48. g3 Kh5 49. g4+ Kh6 50. g5+ Kg7 51. g6 Kg8 52. Kg5 Kg7 53.
Kh5 Ne4 54. Nd7 Ng3+ 55. Kg4 Ne4 56. Kf5 Nd6+ 57. Kg5 Ne4+ 58. Kh5 Ng3+ 1/2-1/2

[Event "22nd European Teams"]
[Site "Batumi GEO"]
[Date "2019.10.31"]
[Round "7.12"]
[Board "3"]
[White "Notkevich, Benjamin Arvola"]
[Black "Paichadze, Luka"]
[Result "0-1"]
[WhiteTitle "GM"]
[BlackTitle "GM"]
[WhiteElo "2494"]
[BlackElo "2574"]
[WhiteTeam "Norway"]
[BlackTeam "Georgia"]
[WhiteFideId "1506536"]
[BlackFideId "13602934"]
[EventDate "2019.10.24"]

1. d4 f5 2. c4 Nf6 3. Nc3 g6 4. h4 Bg7 5. h5 Nxh5 6. e4 e6 7. Be2 Nf6 8. e5 Ne4
9. Nxe4 fxe4 10. Nh3 c5 11. d5 Bxe5 12. Ng5 Bd4 13. Qc2 exd5 14. cxd5 d6 15.
Bb5+ Kf8 16. Qxe4 Kg8 17. Be8 Qf6 18. Bf7+ Kg7 19. Be6 Na6 20. Nf3 h6 21. Bf4
Bxe6 22. dxe6 Rae8 23. Nxd4 cxd4 24. O-O-O Nc5 25. Qf3 Rxe6 26. Qg4 h5 27. Qf3
Rf8 28. g3 Qf5 29. Rxd4 Rc8 30. Qc3 Nb3+ 31. axb3 Rxc3+ 32. bxc3 Re2 33. Bd2 Qe6
34. Kc2 Rxf2 35. Rhh4 Qf5+ 36. Kb2 Qg5 37. Kc2 Qf5+ 38. Rd3 Rf3 39. Rd4 Rxg3 40.
Rxd6 Rxd3 0-1

[Event "22nd European Teams"]
[Site "Batumi GEO"]
[Date "2019.10.31"]
[Round "7.12"]
[Board "4"]
[White "Quparadze, Giga"]
[Black "Haldorsen, Benjamin"]
[Result "1/2-1/2"]
[WhiteTitle "GM"]
[BlackTitle "IM"]
[WhiteElo "2457"]
[BlackElo "2440"]
[WhiteTeam "Georgia"]
[BlackTeam "Norway"]
[WhiteFideId "13602250"]
[BlackFideId "1512633"]
[EventDate "2019.10.24"]

1. e4 e6 2. d4 d5 3. Nd2 c5 4. Ngf3 cxd4 5. Nxd4 Nf6 6. exd5 Qxd5 7. Nb5 Na6 8.
Nc3 Qd6 9. Bb5+ Bd7 10. O-O Be7 11. Qe2 O-O 12. Nf3 Nc5 13. b4 Nce4 14. Nxe4
Bxb5 15. Qxb5 Nxe4 16. Qxb7 Nc3 17. Nd2 Bf6 18. Qf3 Qxb4 19. Kh1 Rfc8 20. Nb3
Qc4 21. Bb2 a5 22. a4 h6 23. h3 Qe2 24. Qxe2 Nxe2 25. Bxf6 gxf6 26. Ra2 Nc3 27.
Ra3 Nd5 28. Nd4 Rc4 29. Rd1 Nc3 30. Rd3 Nxa4 31. Rg3+ Kh7 32. Rg4 Rg8 33. Nb3
Rgxg4 34. hxg4 Nb6 35. Nxa5 Rxc2 36. Kg1 Nd5 37. Nb7 Kg6 38. Nd6 Rc6 39. Ne4 Rc4
40. f3 Rc2 41. Ra8 Kg7 42. Rd8 Rc1+ 43. Kh2 Rc2 44. Kg1 Nf4 45. Rd2 Rxd2 46.
Nxd2 Kg6 47. Nc4 h5 48. gxh5+ Kxh5 49. Kf2 Nd5 50. Nd6 Kg6 51. g4 Ne7 52. f4 f5
53. Kf3 fxg4+ 54. Kxg4 f5+ 55. Kf3 Nd5 56. Nc4 Kf6 57. Ne5 Ne7 58. Nd7+ Kg7 59.
Nc5 Kf7 60. Nd3 Ng6 61. Nf2 Ke7 62. Nh3 Kd6 63. Ng5 Kd5 64. Ke3 e5 65. fxe5 Kxe5
66. Nf3+ Kf6 67. Nd4 f4+ 68. Ke4 Kg5 69. Ne6+ Kg4 70. Nxf4 Nxf4 1/2-1/2

[Event "22nd European Teams"]
[Site "Batumi GEO"]
[Date "2019.10.31"]
[Round "7.13"]
[Board "1"]
[White "Kovalev, Vladislav"]
[Black "Lupulescu, Constantin"]
[Result "0-1"]
[WhiteTitle "GM"]
[BlackTitle "GM"]
[WhiteElo "2661"]
[BlackElo "2643"]
[WhiteTeam "Belarus"]
[BlackTeam "Romania"]
[WhiteFideId "13504398"]
[BlackFideId "1207822"]
[EventDate "2019.10.24"]

1. e4 e6 2. d4 d5 3. Nc3 Nf6 4. Bg5 Bb4 5. e5 h6 6. Bd2 Bxc3 7. bxc3 Ne4 8. Bd3
Nxd2 9. Qxd2 c5 10. Nf3 c4 11. Be2 Nc6 12. h4 Bd7 13. h5 Qa5 14. Nh4 O-O-O 15.
Rh3 Rdg8 16. Rf3 Be8 17. g3 g5 18. Ng2 f5 19. exf6 Bxh5 20. Re3 Bf7 21. Kf1 Qd8
22. Kg1 Qxf6 23. Rf1 h5 24. f4 Rg7 25. Qc1 h4 26. g4 h3 27. fxg5 Qxg5 28. Nf4 e5
29. dxe5 Nxe5 30. Rg3 h2+ 31. Kh1 Re8 32. Qa3 Nc6 33. Qc5 Qe5 34. Qf2 d4 35.
cxd4 Nxd4 36. Bd1 Qe4+ 37. Qg2 Nf5 38. Ra3 0-1

[Event "22nd European Teams"]
[Site "Batumi GEO"]
[Date "2019.10.31"]
[Round "7.13"]
[Board "2"]
[White "Parligras, Mircea-Emilian"]
[Black "Zhigalko, Sergei"]
[Result "0-1"]
[WhiteTitle "GM"]
[BlackTitle "GM"]
[WhiteElo "2629"]
[BlackElo "2574"]
[WhiteTeam "Romania"]
[BlackTeam "Belarus"]
[WhiteFideId "1204297"]
[BlackFideId "13502956"]
[EventDate "2019.10.24"]

1. Nf3 Nf6 2. c4 e6 3. Nc3 Bb4 4. Qc2 O-O 5. a3 Bxc3 6. Qxc3 a5 7. b4 d6 8. Bb2
e5 9. e3 Bg4 10. Be2 Nbd7 11. d3 Re8 12. O-O h6 13. Qc2 c6 14. Bc3 a4 15. h3 Bh5
16. Rac1 Qe7 17. Nh4 Bxe2 18. Qxe2 g6 19. Nf3 Nh5 20. Nd2 f5 21. Kh2 Kh7 22. g3
Rf8 23. Rce1 Rae8 24. Qd1 b5 25. f4 Ndf6 26. Bb2 Qd7 27. Nf3 e4 28. Nd4 exd3 29.
Qxd3 bxc4 30. Qxc4 Rc8 31. Rd1 Rfe8 32. Qd3 Ne4 33. Ne2 Re7 34. Qa6 c5 35. Qd3
Rce8 36. Rf3 cxb4 37. axb4 Qb7 38. Qd5 Qxb4 39. Qd4 Qb7 40. Kg2 Nc5 41. Kf2 Ne4+
42. Kg2 g5 43. g4 gxf4 44. gxh5 Ng5 45. Qxf4 Qxf3+ 46. Qxf3 Nxf3 47. Rxd6 Nh4+
48. Kf2 Rxe3 49. Nd4 Rxh3 50. Rd7+ Kg8 51. Bc1 f4 52. Ra7 Rh2+ 53. Kg1 Ra2 54.
Kf1 Rd8 0-1

[Event "22nd European Teams"]
[Site "Batumi GEO"]
[Date "2019.10.31"]
[Round "7.13"]
[Board "3"]
[White "Stupak, Kirill"]
[Black "Deac, Bogdan-Daniel"]
[Result "0-1"]
[WhiteTitle "GM"]
[BlackTitle "GM"]
[WhiteElo "2551"]
[BlackElo "2613"]
[WhiteTeam "Belarus"]
[BlackTeam "Romania"]
[WhiteFideId "13503758"]
[BlackFideId "1226380"]
[EventDate "2019.10.24"]

1. d4 Nf6 2. c4 e6 3. Nc3 Bb4 4. e3 d5 5. cxd5 exd5 6. g3 Ne4 7. Bd2 Bxc3 8.
Bxc3 Qf6 9. Qf3 Qb6 10. Qe2 O-O 11. Rc1 Re8 12. Nh3 Bxh3 13. Bxh3 Qh6 14. Bg2
Nd7 15. O-O c6 16. Bb4 a5 17. Be1 f5 18. a4 Ndf6 19. b3 Ng5 20. h4 Nge4 21. f3
Nd6 22. Bd2 f4 23. gxf4 Qxh4 24. Qf2 Qh5 25. Rfe1 Re6 26. Qg3 h6 27. Kf2 Rae8
28. Rh1 Qf7 29. Rce1 b6 30. Kf1 Nf5 31. Qf2 Qe7 32. Bh3 Nxe3+ 33. Kg1 Neg4 34.
Rxe6 Nxf2 35. Rxe7 Nxh3+ 36. Rxh3 Rxe7 37. Kf2 Ne8 38. Rh1 Nd6 39. Rc1 Re6 0-1

[Event "22nd European Teams"]
[Site "Batumi GEO"]
[Date "2019.10.31"]
[Round "7.13"]
[Board "4"]
[White "Gavrilescu, David"]
[Black "Zarubitski, Viachaslau"]
[Result "1/2-1/2"]
[WhiteTitle "IM"]
[BlackTitle "IM"]
[WhiteElo "2451"]
[BlackElo "2435"]
[WhiteTeam "Romania"]
[BlackTeam "Belarus"]
[WhiteFideId "1227190"]
[BlackFideId "13509373"]
[EventDate "2019.10.24"]

1. e4 e6 2. d4 d5 3. Nc3 dxe4 4. Nxe4 Nd7 5. Nf3 Ngf6 6. Nxf6+ Nxf6 7. g3 Bd7 8.
Ne5 Bc6 9. Nxc6 Qd5 10. Ne5 Qxh1 11. Nf3 O-O-O 12. Qe2 Ng4 13. h3 Nf6 14. Bd2
Bd6 15. O-O-O Rd7 16. Qe3 Rhd8 17. c4 c6 18. Re1 h6 19. Bc3 Kb8 20. Kc2 Ka8 21.
b4 Bc7 22. a4 Ng8 23. Nh4 e5 24. dxe5 Rd1 25. Rxd1 Rxd1 26. Kxd1 Qxf1+ 27. Kd2
Qxc4 28. Qd3 Qa2+ 29. Ke3 Ne7 30. Kf3 Qb3 31. Ke2 Nd5 32. Bd2 Qxa4 33. Qf5 Qa2
34. Nf3 Nxb4 35. Kf1 Qc4+ 36. Kg2 a5 37. Qc8+ Bb8 38. Qf8 Nd3 39. Bxa5 Qd5 40.
Bc7 Ne1+ 41. Kf1 Qd3+ 42. Kxe1 Qb1+ 43. Kd2 Qb2+ 44. Kd3 Qb3+ 45. Ke2 Qb5+ 46.
Ke1 Qb1+ 47. Ke2 Qb5+ 48. Ke3 Qb3+ 49. Kf4 Qc4+ 50. Kf5 Qd3+ 51. Kf4 Qc4+ 1/2-1/2

[Event "22nd European Teams"]
[Site "Batumi GEO"]
[Date "2019.10.31"]
[Round "7.14"]
[Board "1"]
[White "Ragger, Markus"]
[Black "Nyback, Tomi"]
[Result "1-0"]
[WhiteTitle "GM"]
[BlackTitle "GM"]
[WhiteElo "2684"]
[BlackElo "2565"]
[WhiteTeam "Austria"]
[BlackTeam "Finland"]
[WhiteFideId "1610856"]
[BlackFideId "503142"]
[EventDate "2019.10.24"]

1. e4 e5 2. Nf3 Nc6 3. Bc4 Bc5 4. d3 Nf6 5. O-O d6 6. c3 h6 7. Re1 O-O 8. h3 a5
9. Nbd2 Be6 10. Bb5 Qb8 11. Nf1 Qa7 12. d4 exd4 13. Bxc6 bxc6 14. cxd4 Bb6 15.
Ng3 Rfe8 16. Be3 d5 17. e5 Ne4 18. Nh5 c5 19. Qc1 Kf8 20. Nxg7 Kxg7 21. Bxh6+
Kh7 22. Rxe4 dxe4 23. Qg5 Rg8 24. Qh5 Rg6 25. Ng5+ Kg8 26. Nxe4 Bf5 27. Nf6+
Rxf6 28. exf6 Bg6 29. Qh4 cxd4 30. Bg7 Bh7 31. Qg5 Bc5 32. Bh8+ Kf8 33. Re1 1-0

[Event "22nd European Teams"]
[Site "Batumi GEO"]
[Date "2019.10.31"]
[Round "7.14"]
[Board "2"]
[White "Keinanen, Toivo"]
[Black "Dragnev, Valentin"]
[Result "1/2-1/2"]
[WhiteTitle "FM"]
[BlackTitle "GM"]
[WhiteElo "2428"]
[BlackElo "2550"]
[WhiteTeam "Finland"]
[BlackTeam "Austria"]
[WhiteFideId "509825"]
[BlackFideId "1634852"]
[EventDate "2019.10.24"]

1. d4 Nf6 2. c4 e6 3. g3 d5 4. Nf3 Bb4+ 5. Bd2 Bd6 6. Bg2 O-O 7. O-O Nbd7 8. Qc2
c6 9. Bg5 h6 10. Bxf6 Nxf6 11. Nbd2 b6 12. e4 Be7 13. Rfd1 Bb7 14. Rac1 Rc8 15.
Ne5 dxc4 16. Ndxc4 b5 17. Ne3 Qb6 18. Qc3 c5 19. d5 Rfd8 20. a4 a6 21. axb5 axb5
22. Qb3 exd5 23. exd5 Qc7 24. Qxb5 Qxe5 25. Qxb7 Rb8 26. Qa7 Bf8 27. Nc4 Qf5 28.
d6 Ng4 29. Rd2 Ne5 30. Ne3 Qd7 31. Qxd7 Nxd7 32. Nc4 Nb6 33. Nxb6 Rxb6 34. d7
Bd6 35. Bh3 Kf8 36. Rcd1 Be7 37. Re2 Bf6 38. Rde1 Rbb8 39. b3 g6 40. Re4 Bb2 41.
R1e2 Bg7 42. Kf1 Bc3 43. Kg2 Bg7 44. R4e3 h5 45. Kg1 Bd4 46. Re4 Bg7 47. Kf1 Bc3
48. Kg1 Bg7 49. Kg2 Bc3 50. Kf1 Bd4 51. Kg2 Bc3 52. Kg1 Bg7 53. Kf1 Bc3 54. Kg2
Bg7 55. Kg1 Bd4 56. Kg2 Bg7 57. Kg1 Bd4 58. Kg2 1/2-1/2

[Event "22nd European Teams"]
[Site "Batumi GEO"]
[Date "2019.10.31"]
[Round "7.14"]
[Board "3"]
[White "Shengelia, David"]
[Black "Koykka, Pekka"]
[Result "0-1"]
[WhiteTitle "GM"]
[BlackTitle "FM"]
[WhiteElo "2531"]
[BlackElo "2381"]
[WhiteTeam "Austria"]
[BlackTeam "Finland"]
[WhiteFideId "13601270"]
[BlackFideId "504319"]
[EventDate "2019.10.24"]

1. d4 f5 2. Bg5 h6 3. Bh4 g5 4. e3 Nf6 5. Bg3 d6 6. h4 g4 7. Ne2 Be6 8. Nf4 Bf7
9. Nc3 c6 10. h5 Rg8 11. Qd2 Nbd7 12. O-O-O Qa5 13. Bd3 O-O-O 14. a3 e6 15. Bh4
Re8 16. e4 e5 17. Nfe2 f4 18. Kb1 f3 19. gxf3 gxf3 20. Ng3 exd4 21. Na2 Qxd2 22.
Rxd2 Nxh5 23. Nxh5 Bxh5 24. Bc4 Rg4 25. Rxd4 d5 26. Bf1 Bc5 27. Rd1 Rexe4 28.
Bg3 Rg5 29. Nc3 Re8 30. Bf4 Rf5 31. Bg3 Nf6 32. Bd3 Ne4 33. Nxe4 dxe4 34. Bf1
Bg4 35. Rxh6 Rd5 36. Re1 Rd2 37. Bd3 Bxf2 38. Bxf2 Rxf2 39. Rxe4 Rxe4 40. Bxe4
Re2 41. Bd3 Re1+ 42. Ka2 Kd7 43. b3 Ke7 44. Rh4 Rg1 45. Rh7+ Kf6 46. Rxb7 Bf5
47. Ba6 Rc1 48. b4 Rxc2+ 49. Kb3 f2 50. Rxa7 Rd2 51. Ra8 Ke7 52. Ra7+ Kf6 53.
Ra8 Kg7 54. Kc3 Rd3+ 55. Bxd3 Bxd3 56. Kxd3 f1=Q+ 57. Kd4 Qf2+ 58. Kc4 Qc2+ 59.
Kd4 Qf2+ 60. Kc4 Qc2+ 61. Kd4 Qd2+ 62. Kc4 Qd5+ 63. Kc3 c5 64. Ra5 Qd4+ 65. Kb3
c4+ 66. Ka4 Qd1+ 67. Kb5 c3 68. Ra7+ Kf6 69. Rc7 c2 70. a4 c1=Q 71. Rxc1 Qxc1
72. a5 Ke6 73. a6 Kd6 74. Ka5 Qc7+ 75. Kb5 Kd5 76. a7 Qb7+ 0-1

[Event "22nd European Teams"]
[Site "Batumi GEO"]
[Date "2019.10.31"]
[Round "7.14"]
[Board "4"]
[White "Nyysti, Sampsa"]
[Black "Schreiner, Peter"]
[Result "1/2-1/2"]
[WhiteTitle "IM"]
[BlackTitle "IM"]
[WhiteElo "2335"]
[BlackElo "2464"]
[WhiteTeam "Finland"]
[BlackTeam "Austria"]
[WhiteFideId "502138"]
[BlackFideId "1621645"]
[EventDate "2019.10.24"]

1. e4 e5 2. Nf3 Nc6 3. d4 exd4 4. Nxd4 Bb4+ 5. c3 Bc5 6. Be3 Bb6 7. Nf5 g6 8.
Bxb6 axb6 9. Ne3 Nf6 10. f3 Qe7 11. c4 Qb4+ 12. Qd2 Qxd2+ 13. Kxd2 d6 14. Nc3
Kd8 15. Be2 h5 16. h4 Nd4 17. Bd3 c6 18. Ke1 Ne6 19. Kf2 Kc7 20. Rac1 Nf4 21.
Bc2 Rd8 22. Rhd1 Ne6 23. Rd2 Bd7 24. b4 Be8 25. Bb3 Ng7 26. Ne2 Ng8 27. Nf4 Ne7
28. Rcd1 f6 29. g4 hxg4 30. Nxg4 f5 31. Nh6 fxe4 32. fxe4 b5 33. cxb5 cxb5 34.
Rc2+ Kb6 35. Ke3 Bc6 36. Nf7 Re8 37. Nxd6 Nef5+ 38. Kf2 Nxd6 39. Rxd6 Rxe4 40.
Nd5+ Ka7 41. Rcxc6 bxc6 42. Rd7+ Kb8 43. Rxg7 Rxh4 44. Rg8+ Ka7 45. Rg7+ Kb8 46.
Rg8+ Ka7 47. Rg7+ 1/2-1/2

[Event "22nd European Teams"]
[Site "Batumi GEO"]
[Date "2019.10.31"]
[Round "7.15"]
[Board "1"]
[White "Vocaturo, Daniele"]
[Black "Hovhannisyan, Mher"]
[Result "1-0"]
[WhiteTitle "GM"]
[BlackTitle "GM"]
[WhiteElo "2620"]
[BlackElo "2439"]
[WhiteTeam "Italy"]
[BlackTeam "Belgium"]
[WhiteFideId "813192"]
[BlackFideId "13300865"]
[EventDate "2019.10.24"]

1. e4 e6 2. d4 d5 3. Nd2 Be7 4. Ngf3 Nf6 5. e5 Nfd7 6. Bd3 c5 7. c3 Nc6 8. O-O
g5 9. Nb1 g4 10. Ne1 Qb6 11. Nc2 h5 12. b3 a5 13. Be3 a4 14. Nba3 cxd4 15. cxd4
axb3 16. axb3 Ndb8 17. Qd2 Na6 18. Nb5 Bd7 19. Nd6+ Bxd6 20. exd6 Rc8 21. Bg5
Nxd4 22. Qe3 Rxc2 23. Bxc2 Qc5 24. Bd3 Nxb3 25. Qe5 Rg8 26. Qf6 1-0

[Event "22nd European Teams"]
[Site "Batumi GEO"]
[Date "2019.10.31"]
[Round "7.15"]
[Board "2"]
[White "Dardha, Daniel"]
[Black "Moroni, Luca Jr"]
[Result "1/2-1/2"]
[WhiteTitle "FM"]
[BlackTitle "GM"]
[WhiteElo "2433"]
[BlackElo "2553"]
[WhiteTeam "Belgium"]
[BlackTeam "Italy"]
[WhiteFideId "240990"]
[BlackFideId "865834"]
[EventDate "2019.10.24"]

1. d4 d5 2. c4 e6 3. Nf3 Nd7 4. Nc3 Ngf6 5. cxd5 exd5 6. Bg5 c6 7. e3 Be7 8. Bd3
Nf8 9. Qc2 g6 10. O-O Ne6 11. Bh4 Ng7 12. Rab1 a5 13. a3 Bf5 14. Bxf6 Bxf6 15.
b4 axb4 16. axb4 O-O 17. Bxf5 Nxf5 18. b5 Nd6 19. bxc6 bxc6 20. Nd2 Qa5 21. Rfc1
Qa6 22. g3 h5 23. h4 Kg7 24. Qd1 Rfb8 25. Ne2 Rxb1 26. Rxb1 Qd3 27. Nf4 Qf5 28.
Rb6 Qc8 29. Qc2 Ra6 30. Rb1 Qg4 31. Qd1 Qf5 32. Rc1 Bd8 33. Kg2 Rb6 34. Rc5 Be7
35. Qc2 Qd7 36. Rc3 Nf5 37. Nf3 Bd6 38. Ne5 Bxe5 39. dxe5 Kh7 40. Ra3 d4 41. Qc5
Nxh4+ 42. gxh4 Qg4+ 43. Kh2 Qxh4+ 44. Nh3 Rb2 45. Kg2 Qe4+ 46. Kh2 Qh4 47. Kg2
Qg4+ 48. Kh2 Qh4 49. Kg2 Qe4+ 50. Kh2 Qh4 51. Kg2 1/2-1/2

[Event "22nd European Teams"]
[Site "Batumi GEO"]
[Date "2019.10.31"]
[Round "7.15"]
[Board "4"]
[White "Dardha, Arben"]
[Black "Sonis, Francesco"]
[Result "1/2-1/2"]
[WhiteTitle "FM"]
[BlackTitle "IM"]
[WhiteElo "2286"]
[BlackElo "2475"]
[WhiteTeam "Belgium"]
[BlackTeam "Italy"]
[WhiteFideId "4700481"]
[BlackFideId "895733"]
[EventDate "2019.10.24"]

1. d4 Nf6 2. c4 e6 3. Nf3 b6 4. g3 Ba6 5. b3 Bb4+ 6. Bd2 Be7 7. Nc3 d5 8. cxd5
exd5 9. Bg2 O-O 10. O-O c5 11. dxc5 bxc5 12. Ne5 Bb7 13. Rc1 Na6 14. Bg5 Rc8 15.
e3 Qc7 16. Nd3 Rfd8 17. Bf4 Qd7 18. Qe2 Qe6 19. Rfd1 Ne4 20. h4 Bf6 21. Nb5 c4
22. Ne1 cxb3 23. axb3 Qb6 24. Rxc8 Rxc8 25. Bxe4 dxe4 26. Nd6 Rf8 27. Nxb7 Qxb7
28. Rd6 Nc5 29. Rxf6 gxf6 30. Bh6 Qd7 31. Bxf8 Kxf8 32. Qc4 Qd6 33. Kf1 a5 34.
b4 axb4 35. Qxb4 Kg7 36. Qc4 h6 37. Kg2 Nd3 38. Nc2 Qe6 39. Qxe6 fxe6 40. Nd4
Kf7 41. g4 Nc5 42. Kg3 Nd3 43. f3 exf3 44. Kxf3 Ne5+ 45. Kg3 Nc4 46. Kf3 Ke7 47.
Ne2 Ne5+ 48. Kg3 Kd6 49. Nc3 Ng6 50. Ne2 Ne7 51. Kf3 Nc6 52. Kf4 Nb4 53. Kf3 Ke5
54. Nf4 Nd5 55. Nd3+ Kd6 56. Nf2 Ne7 57. g5 hxg5 58. hxg5 f5 59. e4 Ke5 60. exf5
Kxf5 61. Ne4 1/2-1/2

[Event "22nd European Teams"]
[Site "Batumi GEO"]
[Date "2019.10.31"]
[Round "7.16"]
[Board "1"]
[White "Iordachescu, Viorel"]
[Black "Andersen, Mads"]
[Result "1/2-1/2"]
[WhiteTitle "GM"]
[BlackTitle "GM"]
[WhiteElo "2602"]
[BlackElo "2601"]
[WhiteTeam "Moldova"]
[BlackTeam "Denmark"]
[WhiteFideId "13900200"]
[BlackFideId "1413864"]
[EventDate "2019.10.24"]

1. e4 c5 2. c3 Nf6 3. e5 Nd5 4. Nf3 d6 5. d4 cxd4 6. cxd4 Nc6 7. Bc4 dxe5 8.
Bxd5 Qxd5 9. Nc3 Qd6 10. d5 Nd4 11. Nxd4 exd4 12. Qxd4 e5 13. Qe4 f5 14. Qe2 Kf7
15. Nb5 Qa6 16. O-O Bd7 17. a4 Qf6 18. Bd2 a6 19. Na3 Bxa4 20. Rfe1 Bd6 21. Nc4
Bb5 22. Qh5+ g6 23. Nxd6+ Qxd6 24. Qh6 Rae8 25. Bc3 Qxd5 26. Rad1 Qc5 27. h4 Bc6
28. Rd2 Re6 29. Rde2 Qf8 30. Qc1 Qd6 31. Rxe5 Rhe8 32. Qh6 Rxe5 33. Qxh7+ Kf6
34. f4 Qc5+ 35. Kh2 Qxc3 36. fxe5+ Rxe5 37. Qh8+ Ke6 38. Qg8+ Kf6 39. Qf8+ Ke6
40. bxc3 Rxe1 41. Qg7 Re2 42. Qxg6+ Ke5 43. Qg7+ Ke6 44. Qh6+ Ke5 45. Qh8+ Ke6
46. h5 Rxg2+ 47. Kh3 Rg1 48. Qc8+ Ke5 49. Qh8+ Ke6 50. c4 Kf7 51. Qh7+ Kf6 52.
Qh6+ Kf7 53. c5 Be4 54. Qh7+ Rg7 55. Qh6 Rg1 56. Qh8 Rg5 57. h6 Rg6 58. Kh4 a5
59. h7 Rg7 60. Qd8 Rxh7+ 61. Kg5 Rg7+ 62. Kf4 Rg6 63. Qxa5 Ke7 64. Qc7+ Ke8 65.
Ke5 Ra6 66. Qg7 Kd8 67. Qf8+ Kc7 68. Qe8 Rc6 69. Kd4 Ra6 70. Qe5+ Kc8 71. Qh2
Rc6 72. Qh8+ Kc7 73. Qf8 Ra6 74. Ke5 Rc6 75. Qe7+ Kc8 76. Kd4 Ra6 77. Qe8+ Kc7
78. Qe5+ Kc8 79. Kc4 Rc6 80. Kb5 Bd3+ 81. Kb4 Be4 82. Qe7 Ra6 83. Qe8+ Kc7 84.
Qe5+ Kc8 85. Qe7 Rc6 86. Qe8+ 1/2-1/2

[Event "22nd European Teams"]
[Site "Batumi GEO"]
[Date "2019.10.31"]
[Round "7.16"]
[Board "2"]
[White "Hansen, Sune Berg"]
[Black "Macovei, Andrei"]
[Result "1/2-1/2"]
[WhiteTitle "GM"]
[BlackTitle "IM"]
[WhiteElo "2573"]
[BlackElo "2426"]
[WhiteTeam "Denmark"]
[BlackTeam "Moldova"]
[WhiteFideId "1400266"]
[BlackFideId "13904680"]
[EventDate "2019.10.24"]

1. d4 Nf6 2. c4 e6 3. Nf3 d5 4. g3 Be7 5. Bg2 O-O 6. Nc3 dxc4 7. Ne5 c5 8. dxc5
Qxd1+ 9. Nxd1 Bxc5 10. Nc3 Nc6 11. Nxc4 Nd5 12. Bd2 Rd8 13. O-O b6 14. Rac1 Ba6
15. Ne4 Bf8 16. b3 Rac8 17. Rfd1 h6 18. Bf1 Ncb4 19. a3 Nc6 20. e3 Bb7 21. b4 f5
22. Nc3 Nxc3 23. Bxc3 Rxd1 24. Rxd1 Rd8 25. Rc1 Ne7 26. Ne5 Rc8 27. Bc4 Bd5 28.
Ba6 Rc7 29. Bb5 g5 30. Nd3 Bg7 31. Bxg7 Rxc1+ 32. Nxc1 Kxg7 33. Nd3 Ng6 34. f4
Be4 35. Nf2 Bc2 36. Bd3 Bxd3 37. Nxd3 Kf6 38. Kf2 e5 39. Ke2 Ke6 40. fxg5 hxg5
41. e4 Ne7 42. Nf2 g4 43. Ke3 Nc6 44. h3 gxh3 45. Nxh3 Nd4 46. Kd3 fxe4+ 47.
Kxe4 Nb5 48. Ng5+ Kf6 49. Nh7+ Kg7 50. Ng5 Kf6 51. Nh7+ Kg7 52. Ng5 Kf6 1/2-1/2

[Event "22nd European Teams"]
[Site "Batumi GEO"]
[Date "2019.10.31"]
[Round "7.16"]
[Board "3"]
[White "Svetushkin, Dmitry"]
[Black "Thybo, Jesper Sondergaard"]
[Result "1/2-1/2"]
[WhiteTitle "GM"]
[BlackTitle "IM"]
[WhiteElo "2534"]
[BlackElo "2550"]
[WhiteTeam "Moldova"]
[BlackTeam "Denmark"]
[WhiteFideId "13900463"]
[BlackFideId "1438832"]
[EventDate "2019.10.24"]

1. e4 e5 2. Nf3 Nc6 3. Bb5 a6 4. Ba4 Nf6 5. O-O Be7 6. Re1 b5 7. Bb3 O-O 8. d3
d6 9. a3 Na5 10. Ba2 c5 11. Nc3 Be6 12. Bg5 Nc6 13. Bxf6 Bxf6 14. Nd5 g6 15. b4
Bg7 16. c4 cxb4 17. cxb5 axb5 18. Nxb4 Bxa2 19. Nxc6 Qe8 20. Rxa2 Qxc6 21. Qb3
Rfc8 22. h4 Bh6 23. g3 Ra5 24. Ree2 Qc3 25. Qd5 Rxa3 26. Qxd6 Bf8 27. Qd7 Qxd3
28. Qxc8 Rxa2 29. Rxa2 Qb1+ 30. Kg2 Qxa2 31. Nxe5 Qe6 32. Qxe6 fxe6 33. Kf3 b4
34. Ke2 b3 35. Kd3 Bc5 36. Ng4 Kg7 37. f4 h5 38. Ne5 Bf2 39. Nf3 Bxg3 40. Kc3
Bxf4 41. Kxb3 Kf6 42. Kc2 Ke7 43. Kd3 Kd6 44. Kd4 Bg3 45. e5+ Kc6 46. Ke4 Bf2
47. Ng5 Kd7 48. Nf3 Kc6 49. Ng5 Bxh4 50. Nxe6 Bg3 51. Nf8 Bxe5 1/2-1/2